000 00577nam a2200229Ia 4500
003 OSt
005 20221006152956.0
006 a|||||r|||| 00| 0
007 ta
008 221006b |||||||| |||| 00| 0 eng d
020 _cP5.95
024 _a30,710
037 _cTextual
040 _aEASL
_cEASL
_beng
041 _2eng
_aeng
100 _aPRUSEK Jaroslav Ed.
245 0 _aDictionary oriental literature, Vol.1
260 _aLondon
_bAllen and Unwin
_c1974
300 _a226p.
_ccm.
942 _cTEXL
_2CC
999 _c1098796
_d1098796